<?xml version="1.0" encoding="UTF-8"?>
<record
    xmlns:xsi="http://www.w3.org/2001/XMLSchema-instance"
    xsi:schemaLocation="http://www.loc.gov/MARC21/slim http://www.loc.gov/standards/marcxml/schema/MARC21slim.xsd"
    xmlns="http://www.loc.gov/MARC21/slim">

  <leader>01051    a2200205   4500</leader>
  <controlfield tag="001">445917</controlfield>
  <controlfield tag="003">XX-XxUND</controlfield>
  <controlfield tag="008">      s2021    xx |||||||||||| ||||und d</controlfield>
  <datafield tag="020" ind1=" " ind2=" ">
    <subfield code="a">9786079936082</subfield>
  </datafield>
  <datafield tag="035" ind1=" " ind2=" ">
    <subfield code="a">9786079936082</subfield>
  </datafield>
  <datafield tag="100" ind1="1" ind2=" ">
    <subfield code="a">Rafael I. Mart&#xED;nez Morales</subfield>
    <subfield code="e">author</subfield>
  </datafield>
  <datafield tag="245" ind1="1" ind2=" ">
    <subfield code="a">Derecho administrativo. Primer curso</subfield>
  </datafield>
  <datafield tag="260" ind1=" " ind2=" ">
    <subfield code="a">M&#xE9;xico</subfield>
    <subfield code="b">M&#xE9;xico</subfield>
    <subfield code="c">2021-07-03 01:41:46</subfield>
  </datafield>
  <datafield tag="300" ind1=" " ind2=" ">
    <subfield code="a">359</subfield>
  </datafield>
  <datafield tag="520" ind1=" " ind2=" ">
    <subfield code="a">I. Nociones previas II. Estado y gobierno III. Las funciones del estado IV. La administraci&#xF3;n p&#xFA;blica V. La centralizaci&#xF3;n federal VI. Descentralizaci&#xF3;n administrativa VII. Las partes de la federaci&#xF3;n VIII. La actividad administrativa IX. El acto administrativo X. Discrecionalidad administrativa XI. Concesi&#xF3;n y servicio p&#xFA;blico XII. Reglamentaci&#xF3;n administrativa</subfield>
  </datafield>
  <datafield tag="650" ind1=" " ind2="4">
    <subfield code="a">discrecional,gobierno,administrativo,Estado,centralizaci&#xF3;n,federal,concesi&#xF3;n,administraci&#xF3;n p&#xFA;blica</subfield>
  </datafield>
  <datafield tag="754" ind1="1" ind2=" ">
    <subfield code="a">category</subfield>
    <subfield code="c">Administrativa</subfield>
  </datafield>
  <datafield tag="856" ind1="4" ind2=" ">
    <subfield code="u">https://biblioteca.dikaia.com.mx/reader/derecho-administrativo-primer-curso</subfield>
  </datafield>
  <datafield tag="942" ind1=" " ind2=" ">
    <subfield code="c">RAA</subfield>
  </datafield>
  <datafield tag="952" ind1=" " ind2=" ">
    <subfield code="0">0</subfield>
    <subfield code="1">0</subfield>
    <subfield code="4">0</subfield>
    <subfield code="7">0</subfield>
    <subfield code="8">DIKAIA</subfield>
    <subfield code="9">331777</subfield>
    <subfield code="a">BD-UIN</subfield>
    <subfield code="b">BD-UIN</subfield>
    <subfield code="d">2024-03-08</subfield>
    <subfield code="l">0</subfield>
    <subfield code="p">445917</subfield>
    <subfield code="r">2024-03-08</subfield>
    <subfield code="w">2024-03-08</subfield>
    <subfield code="y">RAA</subfield>
  </datafield>
  <datafield tag="999" ind1=" " ind2=" ">
    <subfield code="c">173871</subfield>
    <subfield code="d">173871</subfield>
  </datafield>
</record>
